<?xml version="1.0" encoding="UTF-8"?>
<record
    xmlns:xsi="http://www.w3.org/2001/XMLSchema-instance"
    xsi:schemaLocation="http://www.loc.gov/MARC21/slim http://www.loc.gov/standards/marcxml/schema/MARC21slim.xsd"
    xmlns="http://www.loc.gov/MARC21/slim">

  <leader>00708nam a2200133Ia 4500</leader>
  <controlfield tag="008">171207s9999    xx            000 0 und d</controlfield>
  <datafield tag="100" ind1=" " ind2=" ">
    <subfield code="a">Ingram, Mercedes V.</subfield>
  </datafield>
  <datafield tag="245" ind1=" " ind2="2">
    <subfield code="a">A Seat at the Table: Using Social Media as a Platform to Resolve Microaggressions Against Transgender Persons </subfield>
  </datafield>
  <datafield tag="245" ind1=" " ind2=" ">
    <subfield code="c">Mercedes V. Ingram, Stacy Speedlin, Yuliya Cannon, Ashley Prado &amp; Joe Avera</subfield>
  </datafield>
  <datafield tag="260" ind1=" " ind2=" ">
    <subfield code="c">2017</subfield>
  </datafield>
  <datafield tag="300" ind1=" " ind2=" ">
    <subfield code="a">pages 289-304, July-September 2017</subfield>
  </datafield>
  <datafield tag="440" ind1=" " ind2=" ">
    <subfield code="a">Journal of Creativity in Mental Health</subfield>
    <subfield code="v">12:3</subfield>
  </datafield>
  <datafield tag="650" ind1=" " ind2=" ">
    <subfield code="a">Advocacy for transgender persons, counseling; critical participatory action research, diversity, healthy relationships, mental health, multi-cultural, social media, transgender issues, wellness</subfield>
  </datafield>
  <datafield tag="999" ind1=" " ind2=" ">
    <subfield code="c">347694</subfield>
    <subfield code="d">347694</subfield>
  </datafield>
  <datafield tag="952" ind1=" " ind2=" ">
    <subfield code="0">0</subfield>
    <subfield code="1">0</subfield>
    <subfield code="4">0</subfield>
    <subfield code="a">CL</subfield>
    <subfield code="b">CL</subfield>
    <subfield code="d">2017-12-07</subfield>
    <subfield code="l">0</subfield>
    <subfield code="r">2017-12-07 00:00:00</subfield>
    <subfield code="w">2017-12-07</subfield>
    <subfield code="y">SE</subfield>
  </datafield>
</record>
